Movies Quiz

Random Movies Quiz

Order in which they die: The Rock Quiz Stats

 Plays Quiz not verified by Sporcle

Score 0/11 Timer 02:00
0 Plays Today
% Correct
Commander Anderson
73.2%
General Francis X. Hummel
56.1%
Major Tom Baxter
51.2%
Sergeant Crisp
48.8%
Private McCoy
41.5%
Private Gamble
39%
Lieutenant Shepard
39%
Marine Captain Hendrix
36.6%
Captain Frye
34.1%
Captain Darrow
31.7%
Private Cox
31.7%

You're not logged in!

Compare scores with friends on all Sporcle quizzes.
OR
Log In

Sporcle TV

Today on Sporcle TV


Watch our educational content, quiz creation guides, and fun videos on Sporcle TV.

Show Comments

Extras

Top Quizzes Today


Score Distribution

Your Account Isn't Verified!

In order to create a playlist on Sporcle, you need to verify the email address you used during registration. Go to your Sporcle Settings to finish the process.

Report this User

Report this user for behavior that violates our Community Guidelines.

Details: